Najdroższi piłkarze zespołów grających na Gold Cup. - Statystyki

Ogólne statystyki
  • Ten quiz został rozwiązany 24 razy
  • Średni wynik to 3 z 13
Statystyki odpowiedzi
Wartość Narodowość Klub Piłkarz % Poprawnych
70,00 mln Kanada Bayern Monachium Davies
100%
45,00 mln Meksyk Napoli Lozano
96%
50,00 mln USA Chelsea Pulisic
96%
4,00 mln Panama Anderlecht Murillo
8%
3,50 mln Katar Al-Sadd Afif
4%
4,00 mln Honduras Boavista Elis
4%
4,50 mln Jamajka Watford/Reading Gray/Moore
4%
5,00 mln Curacao Huddersfield Bacuna
0%
150 tys Martynika Golden Lion Barthelery
0%
600 tys Salwador True Bangkok United/Houston Dynamo Bonilla/Ceren
0%
4,50 mln Surinam Feyenoord Haps
0%
3,00 mln Kostaryka Nashville Leal
0%
300 tys Grenada Shrewsbury Town/Sacramento Republic Pierre/Belmar
0%
Nie znaleziono quizów pasujących do podanych kryteriów
Rozkład punktacji
Procent ludzi z każdym wynikiem
Percentyl według liczby udzielonych odpowiedzi
Twoja historia wyników
Nie rozwiązałeś tego quizu